Culture Générale - Série 894 - Statistiques

Statistiques générales
  • Ce quiz a été pris 139 fois
  • Le résultat moyen est 7 sur 10
Statistiques - réponses
Question Réponse % Correct
Quand on accorde à quelqu'un le pouvoir d'agir à sa guise, on lui "donne carte... blanche
99%
Olympique ou gonflable, je suis un bassin de compétition ou de loisirs, je suis la ... piscine
97%
En cuisine, quel ustensile conique, terminé par un tube, sert à transvaser un liquide dans une bouteille ? entonnoir
89%
De quelle ville le groupe de rap IAM est-il originaire ? Marseille
86%
De quelle région d'Italie Florence est-elle le chef-lieu ? Toscane
69%
En 1988, à quel réalisateur espagnol doit-on “Femmes au bord de la crise de nerfs” ? Pedro Almodovar
65%
Le grand oiseau marin, nommé scientifiquement "Morus bassanus", qui chasse les poissons en plongeant et dont le vol paraît incohérent, est le fou de... Bassan
64%
A quel orifice de l'oeil fait-on référence, quand on parle de la prunelle de ses yeux ? pupille
62%
Dans "Les Peanuts", comment s'appelle le chien de Charlie Brown ? Snoopy
56%
Sous quel nom connaît-on mieux la plante aromatique aussi appelée “persil arabe” ou “persil chinois” ? coriandre
49%
Aucun quiz correspondant
Distribution des résultats
% des personnes avec chaque résultat
Percentile par nombre de réponses
Votre historique - résultats
Vous n’avez pas pris ce quiz